ბათუმის შოთა რუსთაველის სახელმწიფო უნივერსიტეტის ბიბლიოთეკა

მონეტარული ეკონომიკა : (ბიბ.ჩანაწერი № 63317)

000 -LEADER
fixed length control field 01256nam a22002057a 4500
005 - DATE AND TIME OF LATEST TRANSACTION
control field 20250812125514.0
008 - FIXED-LENGTH DATA ELEMENTS--GENERAL INFORMATION
fixed length control field 250812c2025 ge ||||| |||| 00| 0 geo d
022 ## - INTERNATIONAL STANDARD SERIAL NUMBER
International Standard Serial Number 30884188
041 ## - LANGUAGE CODE
Language code of text/sound track or separate title geo
245 ## - TITLE STATEMENT
Title მონეტარული ეკონომიკა :
Remainder of title სამეცნიერო ანალიტიკური ჟურნალი /
Statement of responsibility, etc. მთ. რედ. მ. კაკულია.
260 ## - PUBLICATION, DISTRIBUTION, ETC.
Place of publication, distribution, etc. თბილისი,
300 ## - PHYSICAL DESCRIPTION
Extent V.
653 ## - INDEX TERM--UNCONTROLLED
Uncontrolled term ვალუტა
653 ## - INDEX TERM--UNCONTROLLED
Uncontrolled term ბანკი
653 ## - INDEX TERM--UNCONTROLLED
Uncontrolled term მონეტა
653 ## - INDEX TERM--UNCONTROLLED
Uncontrolled term ჟურნალი
700 ## - ADDED ENTRY--PERSONAL NAME
Personal name კაკულია, მ.
Relator term მთ. რედაქტორი
9 (RLIN) 25752
856 ## - ELECTRONIC LOCATION AND ACCESS
Uniform Resource Identifier https://nbg.gov.ge/fm/%E1%83%9E%E1%83%A3%E1%83%91%E1%83%9A%E1%83%98%E1%83%99%E1%83%90%E1%83%AA%E1%83%98%E1%83%94%E1%83%91%E1%83%98/%E1%83%99%E1%83%95%E1%83%9A%E1%83%94%E1%83%95%E1%83%98%E1%83%97%E1%83%98_%E1%83%9C%E1%83%90%E1%83%A8%E1%83%A0%E1%83%9D%E1%83%9B%E1%83%94%E1%83%91%E1%83%98/%E1%83%9B%E1%83%9D%E1%83%9C%E1%83%90%E1%83%A2%E1%83%94%E1%83%A0%E1%83%A3%E1%83%9A%E1%83%98_%E1%83%94%E1%83%99%E1%83%9D%E1%83%9C%E1%83%9D%E1%83%9B%E1%83%98%E1%83%99%E1%83%90/2025/n1/monetaryeconomics-n1-geo.pdf?v=hegsz
Link text ელ. ვერსია
942 ## - ADDED ENTRY ELEMENTS (KOHA)
Source of classification or shelving scheme
Koha item type პერიოდიკა
ეგზემპლარები
Withdrawn status Lost status Source of classification or shelving scheme Damaged status Not for loan Permanent Location Current Location Shelving location Date acquired Serial Enumeration / chronology Barcode Date last seen Copy number Uniform Resource Identifier Price effective from Koha item type Materials specified (bound volume or other part)
          ბათუმის შოთა რუსთაველის სახელმწიფო უნივერსიტეტის მთავარი ბიბლიოთეკა ბათუმის შოთა რუსთაველის სახელმწიფო უნივერსიტეტის მთავარი ბიბლიოთეკა წიგნსაცავი 2025-08-12 ტომი 1, # 1 (2025) 81384 პერიოდიკა 2025-08-12 81384 ნაჩუქარი 2025-08-12 პერიოდიკა  
          ბათუმის შოთა რუსთაველის სახელმწიფო უნივერსიტეტის მთავარი ბიბლიოთეკა ბათუმის შოთა რუსთაველის სახელმწიფო უნივერსიტეტის მთავარი ბიბლიოთეკა წიგნსაცავი 2025-08-12 ტომი 1, # 1 (2025) 81385 პერიოდიკა 2025-08-12 81385 ნაჩუქარი 2025-08-12 პერიოდიკა ინგლისურ ენაზე